Sim racing, avagy a versenyszimulátorok világa
Elmentve itt :
| Szerző: | |
|---|---|
| További közreműködők: | |
| Dokumentumtípus: | Szakdolgozat |
| Megjelent: |
2012
|
| Tárgyszavak: | |
| Online Access: | http://diploma.bibl.u-szeged.hu/41476 |
| LEADER | 00571nta a2200157 i 4500 | ||
|---|---|---|---|
| 001 | dipl41476 | ||
| 005 | 20130919094701.0 | ||
| 008 | 130919s2012 hu om 0|| zxx d | ||
| 040 | |a SZTE Diploma Repozitórium |b hun | ||
| 041 | |a zxx | ||
| 100 | 1 | |a Kovács Márton Nándor | |
| 245 | 1 | 0 | |a Sim racing, avagy a versenyszimulátorok világa |h [elektronikus dokumentum] / |c Márton Nándor Kovács |
| 260 | |c 2012 | ||
| 650 | 4 | |a Bölcsészettudományok | |
| 700 | 1 | |a Rózsa Péter |e ths | |
| 856 | 4 | 0 | |u http://diploma.bibl.u-szeged.hu/id/eprint/41476/1/2012_kovacs_marton_nandor.pdf |z Dokumentum-elérés |